000
00306nam a22001337a 4500
008
181101b xxu||||| |||| 00| 0 eng d
020
_a
9780814713396
041
_a
eng
080
_a
316
100
_a
50
101
_a
SOC
245
_a
Social Theory in the Twentieth Century
_c
Baert,P
942
_2
udc
_c
BK
999
_c
51440
_d
51440